000 00861nam a2200253Ia 4500
003 OSt
005 20220923211150.0
006 a|||||r|||| 00| 0
007 ta
008 Pun
020 _a8187654023 (hbk)
_c350
024 _a284,527
037 _b936, 23/03/2015, H.K. Prakashan
_cTextual
040 _aARTS
_cARTS
_bPun
041 _2Pun
_aPun
082 _aO153,6:g, L3;Q5
100 _aਕੋਹਲੀ, ਸੁਰਿੰਦਰ ਸਿੰਘ
_9156370
245 0 _aਪੁਰਾਤਨ ਪੰਜਾੁਬੀ ਵਾਰਤਕ
260 _aਦਿੱਲੀ
_b ਮਨਪ੍ਰੀਤ ਪ੍ਰਕਾFਨ
_c2015
300 _a240ਪੰ
_ccm.
650 _aਪੰਜਾਬੀ ਸਾਹਿਤ
942 _hO153,6:g, L3;Q5
_cTEXL
_2CC
999 _c296209
_d296209